00681nam a2200241Ia 4500003000900000005001700009008004100026040001300067040001300080041000800093100002600101245002500127250001200152260001400164260000900178300001100187300001200198490001400210490000600224942001200230999001700242952018000259IT-RoPAU20220918175824.0120407s9999 xx 000 0 und d aIT-RoPAU cIT-RoPAU aita aIgnazio Silone935979 aUna manciata di more aMilano  aMondadori c1975 a293 p. c18,5 cm aGli Oscar v1 cBK2ddc c31687d31687 00102ddc406850_50000000000000071aPAULUSbPAULUSd2012-04-11l0o850.5r2012-04-11 00:00:00w2012-04-11yBKzInserito da: In data: n.d. fondo: Via A.Severo 56 Progr:36176